From vision to reality

Enregistré dans:
Détails bibliographiques
Auteur principal: Chomová, Katarína, 1983-
Format: Chapitre de livre
Langue:anglais
Sujets:
Tags: Ajouter un tag
Pas de tags, Soyez le premier à ajouter un tag!

MARC

LEADER 00000nla a2200000 4500
001 0195960
005 20240502083458.8
041 0 |a eng 
044 |a AT 
245 1 0 |a From vision to reality  |c Katarína Chomová 
610 2 0 |a vzdelávanie 
610 2 0 |a spolupráca cezhraničná 
610 2 0 |a technológie nové 
610 2 0 |a marketing 
610 2 0 |a inovácia 
100 1 |a Chomová, Katarína, 1983-